00427 2200181 4500001002100000005001500021035002000036008004100056245003300097100001600130250000600146260003400152300001100186084001400197082000800211650001400219990001200233INLIS00000000000018920240502022512 a0010-0424000165240502 0 ind 1 aW.R. Supratman /cAgnes Yeni aYeni, Agnes a1 aSolo :bTiga Serangkai,c2008 a64 hlm a900 AGN w a900 4aNon Fiksi a0732465